<?xml version="1.0" encoding="UTF-8"?><?xml-stylesheet type="text/xsl" href="static/style.xsl"?><OAI-PMH xmlns="http://www.openarchives.org/OAI/2.0/" xmlns:xsi="http://www.w3.org/2001/XMLSchema-instance" xsi:schemaLocation="http://www.openarchives.org/OAI/2.0/ http://www.openarchives.org/OAI/2.0/OAI-PMH.xsd"><responseDate>2026-06-05T17:21:50Z</responseDate><request verb="GetRecord" identifier="oai:riuma.uma.es:10630/39133" metadataPrefix="marc">https://riuma.uma.es/rest/oai/request</request><GetRecord><record><header><identifier>oai:riuma.uma.es:10630/39133</identifier><datestamp>2026-02-03T11:41:59Z</datestamp><setSpec>com_10630_2254</setSpec><setSpec>col_10630_37956</setSpec></header><metadata><record xmlns="http://www.loc.gov/MARC21/slim" xmlns:dcterms="http://purl.org/dc/terms/" xmlns:doc="http://www.lyncode.com/xoai" xmlns:xsi="http://www.w3.org/2001/XMLSchema-instance" xsi:schemaLocation="http://www.loc.gov/MARC21/slim http://www.loc.gov/standards/marcxml/schema/MARC21slim.xsd">
   <leader>00925njm 22002777a 4500</leader>
   <datafield ind2=" " ind1=" " tag="042">
      <subfield code="a">dc</subfield>
   </datafield>
   <datafield ind2=" " ind1=" " tag="720">
      <subfield code="a">Ramírez-González, Sergio</subfield>
      <subfield code="e">author</subfield>
   </datafield>
   <datafield ind2=" " ind1=" " tag="260">
      <subfield code="c">2022</subfield>
   </datafield>
   <datafield ind2=" " ind1=" " tag="520">
      <subfield code="a">El presente trabajo aborda el estudio de la pintura de carácter franciscano reunida en la Basílica Catedral de Málaga. Un proceso general de incorporación que responde a las obras encargadas directamente por el cabildo o el obispo de turno, las de acarreo provenientes de otros inmuebles y las donaciones particulares, de modo que conforma un conjunto de escasa cohesión históricoartística y situación dispersa en el inmueble. Partiendo del análisis iconográfico, nos acercaremos a las representaciones de los personajes, historias y asuntos alegóricos más difundidos por la orden franciscana, en su constante labor de propaganda, sin esquivar otras valoraciones artísticas de los más destacados ejemplos, caso del lienzo de la Virgen del Rosario de Alonso Cano.</subfield>
   </datafield>
   <datafield ind1="8" ind2=" " tag="024">
      <subfield code="a">Ramírez González, Sergio: “Iconografía franciscana en la pintura de la catedral de Málaga”, en Illescas, Laura; Monterroso, Juan Manuel; Payo, René Jesús y Quiles, Fernando (eds.), Catedrales. Mundo Iberoamericano, siglos XVII-XVIII. Santiago de Compostela/Sevilla, Andavira Editora/Universidad Pablo de Olavide, 2022, pp. 187- 222.</subfield>
   </datafield>
   <datafield ind1="8" ind2=" " tag="024">
      <subfield code="a">http://hdl.handle.net/10433/13243</subfield>
   </datafield>
   <datafield ind1="8" ind2=" " tag="024">
      <subfield code="a">https://hdl.handle.net/10630/39133</subfield>
   </datafield>
   <datafield tag="653" ind2=" " ind1=" ">
      <subfield code="a">Arte religioso - Málaga</subfield>
   </datafield>
   <datafield tag="653" ind2=" " ind1=" ">
      <subfield code="a">Catedral de Málaga - Pintura</subfield>
   </datafield>
   <datafield ind2="0" ind1="0" tag="245">
      <subfield code="a">Iconografía franciscana en la pintura de la catedral de Málaga</subfield>
   </datafield>
</record>
</metadata></record></GetRecord></OAI-PMH>